<?xml version="1.0" encoding="UTF-8"?>
<collection xmlns:xsi="http://www.w3.org/2001/XMLSchema-instance" xsi:schemaLocation="http://www.loc.gov/MARC21/slim http://www.loc.gov/standards/marcxml/schema/MARC21slim.xsd" xmlns="http://www.loc.gov/MARC21/slim">
 <record>
  <leader>00000ctmaa22000004a 4500</leader>
  <controlfield tag="001">UP-99796217610426047</controlfield>
  <controlfield tag="003">Buklod</controlfield>
  <controlfield tag="005">20120724100244.0</controlfield>
  <controlfield tag="006">m    |o  d |      </controlfield>
  <controlfield tag="007">ta</controlfield>
  <controlfield tag="008">120724s        xx     d     r    |||| u|</controlfield>
  <datafield tag="035" ind1=" " ind2=" ">
   <subfield code="a">(iLib)UPD-00187106051</subfield>
  </datafield>
  <datafield tag="040" ind1=" " ind2=" ">
   <subfield code="a">DML</subfield>
  </datafield>
  <datafield tag="041" ind1="0" ind2=" ">
   <subfield code="a">eng</subfield>
  </datafield>
  <datafield tag="042" ind1=" " ind2=" ">
   <subfield code="a">DMLUC</subfield>
  </datafield>
  <datafield tag="090" ind1=" " ind2=" ">
   <subfield code="a">LG 995 2004 P51</subfield>
   <subfield code="b">P38</subfield>
  </datafield>
  <datafield tag="100" ind1="1" ind2=" ">
   <subfield code="a">Patacsil, Crismar P.</subfield>
  </datafield>
  <datafield tag="245" ind1="1" ind2="0">
   <subfield code="a">Optical emission spectroscopy of low temperature PECVD of diamond and DLC films</subfield>
   <subfield code="c">Crismar P. Patacsil.</subfield>
  </datafield>
  <datafield tag="264" ind1=" " ind2="1">
   <subfield code="a">c2004.</subfield>
  </datafield>
  <datafield tag="300" ind1=" " ind2=" ">
   <subfield code="a">ii, 55, [46] leaves</subfield>
   <subfield code="b">ill. (some col.)</subfield>
  </datafield>
  <datafield tag="500" ind1=" " ind2=" ">
   <subfield code="a">&quot;May 2004.&quot;</subfield>
  </datafield>
  <datafield tag="502" ind1=" " ind2=" ">
   <subfield code="a">Thesis (M.S. Physics)--University of the Philippines Diliman.</subfield>
  </datafield>
  <datafield tag="520" ind1="3" ind2=" ">
   <subfield code="a">&quot;The gas phase chemistry in low temperature (&lt;300°C) diamond and diamond-like carbon (DLC) chemical vapor deposition processes was investigated using optical emission spectroscopy (OES) to determine the effects of the different deposition parameters such as methane concentration, substrate temperature, plasma current and gas pressure in relation to diamond growth on silicon substrate. The OES data were analyzed and correlated to significant factors favorable for diamond deposition such as the ,eam electron temperature, Tₑ, and the relative concentration levels of methane radicals (CH and CH⁺). The results indicate that the optimum deposition parameters for the low temperature diamond CVD system could be achieve by applying low methane concentration (1% to 3% methane in hydrogen), high substrate temperature (above 275°C), low pressure (&lt;20 mTorr) and high plasma current (above 30mA). Diamond films were attempted to be deposited on silicon substrate while gathering the OES data using varying methane concentrations (1%, 3%, 5% and 8% methane in hydrogen) at fixed pressure (10 mTorr) and fixed plasma current (50 mA). X-ray Diffraction (XRD) and Scanning Electron Microscopy (SEM) characterization of the depositied samples confirmed that diamond films were deposited at low methane concentrations (1% to 3%). Samples deposited using 5% methane resulted in DLC films while 8% methane concentration yielded graphitic carbon deposits. Film samples were also deposited using varying substrate temperature (175°C - 300°C). Samples deposited at substrate temperature above 200°C yielded diamond characteristics while films deposited at lower substrate temperatures resulted in DLC deposits.&quot;</subfield>
  </datafield>
  <datafield tag="650" ind1=" " ind2="0">
   <subfield code="a">Emission spectroscopy.</subfield>
  </datafield>
  <datafield tag="650" ind1=" " ind2="0">
   <subfield code="a">Diamond crystals.</subfield>
  </datafield>
  <datafield tag="650" ind1=" " ind2="0">
   <subfield code="a">Plasma-enhanced chemical vapor deposition.</subfield>
  </datafield>
  <datafield tag="905" ind1=" " ind2=" ">
   <subfield code="a">FI</subfield>
  </datafield>
  <datafield tag="905" ind1=" " ind2=" ">
   <subfield code="a">UP</subfield>
  </datafield>
  <datafield tag="950" ind1=" " ind2=" ">
   <subfield code="a">Thesis</subfield>
  </datafield>
  <datafield tag="852" ind1="0" ind2=" ">
   <subfield code="a">UPD</subfield>
   <subfield code="b">DARCHIVES</subfield>
   <subfield code="h">LG 995 2004 P51</subfield>
   <subfield code="i">P38</subfield>
  </datafield>
  <datafield tag="942" ind1=" " ind2=" ">
   <subfield code="a">Thesis</subfield>
  </datafield>
 </record>
</collection>
